| 000 | 00690cam a2200253ua 4500 | ||
|---|---|---|---|
| 001 | 11547 | ||
| 005 | 20260515114751.0 | ||
| 008 | 191003n ii |||gr||||Z||||||asm | ||
| 020 | _a9789381784204 | ||
| 040 | _cMAIN | ||
| 041 | _aasm | ||
| 082 | _a954.162 | ||
| 100 |
_aAnita Sharma, _eAuthor. |
||
| 245 |
_aAsamar samajik aru arthanaitik buranji _cBy Anita Sharma and others |
||
| 250 | _a4th ed. | ||
| 260 |
_aJorhat: _bBidya bhawan, _c2017. |
||
| 300 | _a240p. | ||
| 653 | _aSouth Asia India | ||
| 653 | _aSocial and economic history of Assam | ||
| 700 |
_aPankaj Goswami, _eAuthor. |
||
| 700 |
_aGitarani Goswami, _eAuthor. |
||
| 700 |
_aBhupen Borah, _eAuthor. |
||
| 942 | _cBK | ||
| 999 |
_c10356 _d10356 |
||